| 000 | 01266nam a2200325 i 4500 | ||
|---|---|---|---|
| 001 | 12842 | ||
| 003 | ES-MaACL | ||
| 005 | 20250808062713.0 | ||
| 007 | t| | ||
| 008 | 960723s1996 sp ||||0| spa j | ||
| 020 | _a84-7914-219-7 | ||
| 040 |
_aM-BN _bspa _cM-BN |
||
| 080 | _a915.694/.695"03" | ||
| 130 | 0 |
_aItinerarium Egeriae. _lEspañol-Latín. _9140266 |
|
| 245 | 1 | 0 |
_aItinerario de la virgen Egeria (381-384) _b: Constantinopla, Asia Menor, Palestina, Sinaí, Egipto, Arabia, Siria / _cedición crítica del texto latino, variantes, traducción anotada, documentos auxiliares, amplia introducción, planos y notas por Agustín Arce. |
| 250 | _a2ª ed. | ||
| 260 |
_aMadrid : _bBiblioteca de Autores Cristianos, _c1996. |
||
| 300 |
_aXXX, 352 p., [8] h. de lám : _bil ; _c20 cm. |
||
| 490 | 1 |
_aBiblioteca de autores cristianos ; _v416 |
|
| 500 | _aÍndices. | ||
| 504 | _aBibliografía : p. [XVII]-XXX. | ||
| 546 | _aTexto latino y traducción española. | ||
| 651 | 4 |
_aSantos Lugares- _xDescripción- _yS.IV. _99370 |
|
| 700 | 1 |
_aEgeria. _946716 |
|
| 700 | 1 |
_aArce, Agustín. _922444 |
|
| 830 | 0 | 0 |
_aBiblioteca de autores cristianos _v416 _9178679 |
| 852 |
_aES-MaACL _jJ-407 _9R.46092 |
||
| 999 |
_c12842 _d12842 |
||